[Event "EUSA-ch Open 2019"]
[Site "Budapest"]
[Date "2019.07.25"]
[Round "2.4"]
[White "Grimm, Gyorgy"]
[Black "Golubka, Petro"]
[Result "0-1"]
[WhiteElo "2141"]
[BlackElo "2483"]
[Annotator "ChessBase"]
[PlyCount "146"]
[EventDate "2019.07.23"]
[EventType "team-tourn"]
[EventCountry "HUN"]
[SourceTitle "playchess.com"]
[Source "ChessBase"]
[SourceQuality "1"]
[TimeControl "1500+10"]

1. e4 {[%emt 0:00:00]} c5 {[%emt 0:00:00]} 2. Nf3 {[%emt 0:00:00]} d6 {[%emt 0:00:00]} 3. d4 {[%emt 0:00:01]} cxd4 {[%emt 0:00:00]} 4. Nxd4 {[%emt 0:00:05]} Nf6 {[%emt 0:00:01]} 5. Nc3 {[%emt 0:00:05]} a6 {[%emt 0:00:02]} 6. f3 {[%emt 0:00:42]} e6 {[%emt 0:00:05]} 7. Be3 {[%emt 0:00:02]} b5 {[%emt 0:00:12]} 8. Qd2 {[%emt 0:00:32]} Nbd7 {[%emt 0:00:05]} 9. g4 {[%emt 0:01:57]} h6 {[%emt 0:00:05]} 10. O-O-O {[%emt 0:00:54]} Bb7 {[%emt 0:00:06]} 11. g5 {[%emt 0:03:50]} hxg5 {[%emt 0:00:03]} 12. Bxg5 {[%emt 0:00:02]} Be7 {[%emt 0:00:47]} 13. Bd3 {[%emt 0:02:50]} Rc8 {[%emt 0:00:19]} 14. Kb1 {[%emt 0:00:19]} b4 {[%emt 0:00:07]} 15. Nce2 {[%emt 0:00:40]} Qa5 {[%emt 0:00:39]} 16. Nb3 {[%emt 0:00:31]} Qa4 {[%emt 0:00:24]} 17. Bf4 {[%emt 0:02:32]} Ne5 {[%emt 0:00:49]} 18. Ned4 {[%emt 0:01:35]} g6 {[%emt 0:01:26]} 19. Bg3 {[%emt 0:01:25]} Nfd7 {[%emt 0:02:10]} 20. Qe2 {[%emt 0:04:28]} Nxd3 {[%emt 0:01:42]} 21. cxd3 {[%emt 0:02:29]} Nc5 {[%emt 0:00:52]} 22. Rc1 {[%emt 0:01:00]} Rh5 {[%emt 0:00:33]} 23. Nxc5 {[%emt 0:01:34]} Rhxc5 {[%emt 0:00:30]} 24. Nb3 {[%emt 0:00:31]} Rxc1+ {[%emt 0:00:04]} 25. Rxc1 {[%emt 0:00:02]} Rxc1+ {[%emt 0:00:02]} 26. Nxc1 {[%emt 0:00:02]} Qb5 {[%emt 0:00:10]} 27. Qc2 {[%emt 0:00:32]} Kd7 {[%emt 0:00:26]} 28. Nb3 {[%emt 0:00:32]} e5 {[%emt 0:01:28]} 29. Nd2 {[%emt 0:00:15]} f6 {[%emt 0:00:05]} 30. Qc4 {[%emt 0:00:13]} Qxc4 {[%emt 0:00:27]} 31. Nxc4 {[%emt 0:00:02]} Ke6 {[%emt 0:00:43]} 32. Kc2 {[%emt 0:00:08]} d5 {[%emt 0:00:01]} 33. Na5 {[%emt 0:00:23]} Ba8 {[%emt 0:00:27]} 34. Nb3 {[%emt 0:00:08]} Bc6 {[%emt 0:00:10]} 35. Bf2 {[%emt 0:00:07]} f5 {[%emt 0:00:39]} 36. exf5+ {[%emt 0:00:13]} Kxf5 {[%emt 0:00:37]} 37. Kd2 {[%emt 0:00:11]} Bg5+ {[%emt 0:00:49]} 38. Ke2 {[%emt 0:00:11]} Bb5 {[%emt 0:00:12]} 39. h3 {[%emt 0:00:14]} Bd8 {[%emt 0:00:40]} 40. Kd2 {[%emt 0:00:09]} a5 {[%emt 0:00:09]} 41. d4 {[%emt 0:00:02]} e4 {[%emt 0:00:19]} 42. fxe4+ {[%emt 0:00:14]} Kxe4 {[%emt 0:00:52]} 43. Nc5+ {[%emt 0:00:01]} Kf5 {[%emt 0:00:08]} 44. Be3 {[%emt 0:00:12]} g5 {[%emt 0:01:09]} 45. a3 {[%emt 0:00:19]} Bf1 {[%emt 0:00:20]} 46. axb4 {[%emt 0:00:01]} axb4 {[%emt 0:00:01]} 47. Nd3 {[%emt 0:00:11]} b3 {[%emt 0:00:11]} 48. Nf2 {[%emt 0:00:07]} Ba5+ {[%emt 0:00:07]} 49. Kd1 {[%emt 0:00:02]} Bb4 {[%emt 0:00:15]} 50. Bc1 {[%emt 0:00:24]} Bd6 {[%emt 0:00:39]} 51. Ke1 {[%emt 0:00:03]} Bg2 {[%emt 0:00:09]} 52. Ke2 {[%emt 0:00:20]} Bc7 {[%emt 0:00:40]} 53. Bd2 {[%emt 0:00:05]} Bb6 {[%emt 0:00:05]} 54. Ke3 {[%emt 0:00:21]} Bf1 {[%emt 0:00:07]} 55. Bb4 {[%emt 0:00:06]} Ba7 {[%emt 0:00:10]} 56. Bd6 {[%emt 0:00:12]} Ke6 {[%emt 0:00:10]} 57. Bc7 {[%emt 0:00:09]} Kd7 {[%emt 0:00:16]} 58. Be5 {[%emt 0:00:02]} Ke6 {[%emt 0:00:21]} 59. Bc7 {[%emt 0:00:02]} Kf5 {[%emt 0:00:04]} 60. Bd6 {[%emt 0:00:27]} Bb6 {[%emt 0:00:03]} 61. Bc5 {[%emt 0:00:11]} Bc7 {[%emt 0:00:03]} 62. Kf3 {[%emt 0:00:10]} Bf4 {[%emt 0:00:04]} 63. Be7 {[%emt 0:00:08]} Bc1 {[%emt 0:00:09]} 64. Ba3 {[%emt 0:00:02]} Bxh3 {[%emt 0:00:05]} 65. Nd3 {[%emt 0:00:14]} Bg4+ {[%emt 0:00:36]} 66. Kf2 {[%emt 0:00:03]} Bd2 {[%emt 0:00:04]} 67. Nc5 {[%emt 0:00:20]} Bd1 {[%emt 0:00:07]} 68. Nb7 {[%emt 0:00:11]} g4 {[%emt 0:00:28]} 69. Nd6+ {[%emt 0:00:07]} Kf4 {[%emt 0:00:03]} 70. Nf7 {[%emt 0:00:06]} g3+ {[%emt 0:00:02]} 71. Kf1 {[%emt 0:00:02]} Kf3 {[%emt 0:00:16]} 72. Ne5+ {[%emt 0:00:01]} Ke4 {[%emt 0:00:01]} 73. Bc5 {[%emt 0:00:08]} Bf3 {[%emt 0:00:06]} 0-1

[Event "EUSA-ch Open 2019"]
[Site "Budapest"]
[Date "2019.07.25"]
[Round "2.5"]
[White "Egri, Laszlo Jr."]
[Black "Zaslavsky, Mikhail"]
[Result "0-1"]
[WhiteElo "2254"]
[BlackElo "2405"]
[Annotator "NA"]
[PlyCount "70"]
[EventDate "2019.07.23"]
[EventType "team-tourn"]
[EventCountry "HUN"]
[SourceTitle "playchess.com"]
[Source "ChessBase"]
[SourceQuality "1"]
[TimeControl "1500+10"]

1. c4 c5 2. Nc3 Nc6 3. Nf3 {[%emt 0:00:13]} e5 {[%emt 0:00:11]} 4. g3 {[%emt 0:00:00]} f5 {[%emt 0:00:00]} 5. d3 {[%emt 0:00:26]} Nf6 {[%emt 0:00:00]} 6. Bg2 {[%emt 0:00:01]} Be7 {[%emt 0:00:00]} 7. O-O {[%emt 0:00:03]} O-O {[%emt 0:00:00]} 8. Ne1 {[%emt 0:00:41]} d6 {[%emt 0:00:00]} 9. Nc2 {[%emt 0:00:03]} Be6 {[%emt 0:00:00]} 10. Ne3 {[%emt 0:00:07]} f4 {[%emt 0:00:07]} 11. Ned5 {[%emt 0:00:10]} fxg3 {[%emt 0:01:44]} 12. fxg3 {[%emt 0:02:20]} Qd7 {[%emt 0:00:58]} 13. e3 {[%emt 0:03:59]} Rae8 {[%emt 0:03:15]} 14. Bd2 {[%emt 0:00:06]} Bd8 {[%emt 0:00:11]} 15. Nxf6+ {[%emt 0:01:22]} Bxf6 {[%emt 0:00:42]} 16. Nd5 {[%emt 0:00:24]} Bd8 {[%emt 0:00:55]} 17. Qe2 {[%emt 0:02:46]} Bg4 {[%emt 0:00:24]} 18. Bf3 {[%emt 0:00:32]} Rxf3 {[%emt 0:01:27]} 19. Rxf3 {[%emt 0:00:03]} e4 {[%emt 0:00:01]} 20. dxe4 {[%emt 0:01:07]} Ne5 {[%emt 0:00:07]} 21. Raf1 {[%emt 0:00:39]} Nxf3+ {[%emt 0:00:08]} 22. Rxf3 {[%emt 0:00:02]} Qe6 {[%emt 0:02:33]} 23. Qf2 {[%emt 0:02:48]} Bxf3 {[%emt 0:00:11]} 24. Qxf3 {[%emt 0:00:01]} Qxe4 {[%emt 0:00:13]} 25. Qxe4 {[%emt 0:00:15]} Rxe4 {[%emt 0:00:02]} 26. b3 {[%emt 0:00:01]} Bf6 {[%emt 0:02:08]} 27. Kf2 {[%emt 0:00:22]} Kf7 {[%emt 0:00:12]} 28. a4 {[%emt 0:01:02]} Re8 {[%emt 0:00:28]} 29. Ke2 {[%emt 0:00:31]} Be5 {[%emt 0:00:11]} 30. Kf3 {[%emt 0:01:29]} Rf8 {[%emt 0:00:22]} 31. Bc3 {[%emt 0:03:22]} Ke6+ {[%emt 0:00:17]} 32. Ke2 {[%emt 0:00:01]} Bxc3 {[%emt 0:00:45]} 33. Nxc3 {[%emt 0:00:01]} Ke5 {[%emt 0:01:35]} 34. Ke1 {[%emt 0:00:08]} Rf6 {[%emt 0:00:41]} 35. h3 {[%emt 0:00:16]} Rf3 {[%emt 0:00:14]} 0-1

[Event "EUSA-ch Open 2019"]
[Site "Budapest"]
[Date "2019.07.25"]
[Round "2.6"]
[White "Galburd, Yan"]
[Black "Voros, Gellert"]
[Result "1-0"]
[WhiteElo "2429"]
[BlackElo "2164"]
[Annotator "NA"]
[PlyCount "95"]
[EventDate "2019.07.23"]
[EventType "team-tourn"]
[EventCountry "HUN"]
[SourceTitle "playchess.com"]
[Source "ChessBase"]
[SourceQuality "1"]
[TimeControl "1500+10"]

1. d4 {[%emt 0:00:00]} d5 {[%emt 0:00:00]} 2. Bf4 {[%emt 0:00:00]} Nf6 {[%emt 0:00:10]} 3. e3 {[%emt 0:00:00]} c5 {[%emt 0:00:10]} 4. Nf3 {[%emt 0:00:01]} Nc6 {[%emt 0:00:08]} 5. Nbd2 {[%emt 0:00:05]} Bg4 {[%emt 0:00:15]} 6. c3 {[%emt 0:01:54]} Qb6 {[%emt 0:02:06]} 7. dxc5 {[%emt 0:01:00]} Qxc5 {[%emt 0:00:23]} 8. Be2 {[%emt 0:00:22]} e6 {[%emt 0:00:29]} 9. O-O {[%emt 0:00:22]} Be7 {[%emt 0:02:05]} 10. b4 {[%emt 0:01:49]} Qxc3 {[%emt 0:03:48]} 11. b5 {[%emt 0:00:02]} Nb4 {[%emt 0:00:32]} 12. Rc1 {[%emt 0:06:09]} Qa3 {[%emt 0:00:56]} 13. Rc7 {[%emt 0:00:47]} Nxa2 {[%emt 0:06:21]} 14. Qa1 {[%emt 0:01:13]} Bb4 {[%emt 0:06:42]} 15. Nb1 {[%emt 0:01:11]} Qa5 {[%emt 0:01:10]} 16. Qb2 {[%emt 0:06:38]} Bf5 {[%emt 0:00:37]} 17. Nd4 {[%emt 0:01:21]} Bxb1 {[%emt 0:01:13]} 18. Rxb1 {[%emt 0:00:02]} Bc3 {[%emt 0:00:34]} 19. Qc2 {[%emt 0:00:59]} O-O {[%emt 0:00:07]} 20. Nb3 {[%emt 0:00:09]} Qa4 {[%emt 0:00:08]} 21. Rxc3 {[%emt 0:00:19]} Nxc3 {[%emt 0:00:02]} 22. Qxc3 {[%emt 0:00:01]} Rfc8 {[%emt 0:00:15]} 23. Qa1 {[%emt 0:01:35]} Qxa1 {[%emt 0:00:10]} 24. Rxa1 {[%emt 0:00:04]} Ne4 {[%emt 0:00:16]} 25. Na5 {[%emt 0:00:11]} g5 {[%emt 0:00:02]} 26. Be5 {[%emt 0:00:33]} f6 {[%emt 0:00:01]} 27. Bg3 {[%emt 0:00:02]} Nxg3 {[%emt 0:00:03]} 28. hxg3 {[%emt 0:00:01]} Rc7 {[%emt 0:00:03]} 29. Nb3 {[%emt 0:00:08]} Kf7 {[%emt 0:00:06]} 30. b6 {[%emt 0:00:19]} Rcc8 {[%emt 0:00:50]} 31. bxa7 {[%emt 0:00:12]} e5 {[%emt 0:00:12]} 32. Bf3 {[%emt 0:00:17]} Ke6 {[%emt 0:00:01]} 33. e4 {[%emt 0:00:01]} Rc7 {[%emt 0:00:20]} 34. exd5+ {[%emt 0:00:14]} Kd6 {[%emt 0:00:00]} 35. g4 {[%emt 0:00:38]} b6 {[%emt 0:00:22]} 36. Ra6 {[%emt 0:00:34]} Rb7 {[%emt 0:00:01]} 37. Na5 {[%emt 0:00:14]} Rbxa7 {[%emt 0:00:15]} 38. Rxb6+ {[%emt 0:00:08]} Kc5 {[%emt 0:00:02]} 39. Rc6+ {[%emt 0:00:08]} Kb4 {[%emt 0:00:08]} 40. Nc4 {[%emt 0:00:15]} Ra6 {[%emt 0:00:15]} 41. Rc7 {[%emt 0:00:43]} Re8 {[%emt 0:00:11]} 42. Nd2 {[%emt 0:00:08]} Ra1+ {[%emt 0:00:08]} 43. Kh2 {[%emt 0:00:01]} Ra2 {[%emt 0:00:20]} 44. Rb7+ {[%emt 0:00:10]} Kc3 {[%emt 0:00:05]} 45. Ne4+ {[%emt 0:00:02]} Kd4 {[%emt 0:00:05]} 46. d6 {[%emt 0:00:24]} h5 {[%emt 0:00:14]} 47. Nxf6 {[%emt 0:00:14]} Rh8 {[%emt 0:00:02]} 48. gxh5 {[%emt 0:00:10]} 1-0

[Event "EUSA-ch Open 2019"]
[Site "Budapest"]
[Date "2019.07.25"]
[Round "3.1"]
[White "Zaslavsky, Mikhail"]
[Black "Shevchenko, Kirill"]
[Result "0-1"]
[WhiteElo "2405"]
[BlackElo "2536"]
[Annotator "RC"]
[PlyCount "110"]
[EventDate "2019.07.23"]
[EventType "team-tourn"]
[EventCountry "HUN"]
[SourceTitle "playchess.com"]
[Source "ChessBase"]
[SourceQuality "1"]
[TimeControl "1500+10"]

1. f4 {[%emt 0:00:00]} d5 {[%emt 0:00:00]} 2. Nf3 {[%emt 0:00:00]} g6 {[%emt 0:00:05]} 3. e3 {[%emt 0:00:00]} Bg7 {[%emt 0:00:09]} 4. c4 {[%emt 0:00:00]} Nf6 {[%emt 0:00:38]} 5. cxd5 {[%emt 0:00:00]} O-O {[%emt 0:00:06]} 6. Nc3 {[%emt 0:00:00]} Nxd5 {[%emt 0:00:13]} 7. Qb3 {[%emt 0:00:00]} Nxc3 {[%emt 0:01:39]} 8. bxc3 {[%emt 0:00:01]} b6 {[%emt 0:00:08]} 9. d4 {[%emt 0:01:12]} Bb7 {[%emt 0:01:08]} 10. Be2 {[%emt 0:01:20]} c5 {[%emt 0:00:46]} 11. O-O {[%emt 0:00:51]} Nc6 {[%emt 0:01:41]} 12. Ba3 {[%emt 0:02:24]} Na5 {[%emt 0:01:00]} 13. Qa4 {[%emt 0:01:13]} Qd5 {[%emt 0:04:18]} 14. Bxc5 {[%emt 0:03:30]} Rac8 {[%emt 0:05:05]} 15. Bb4 {[%emt 0:15:33]} Nc4 {[%emt 0:00:12]} 16. Bxc4 {[%emt 0:00:13]} Rxc4 {[%emt 0:00:04]} 17. Qb3 {[%emt 0:00:07]} Rfc8 {[%emt 0:00:36]} 18. Rac1 {[%emt 0:00:01]} Qe6 {[%emt 0:06:46]} 19. Kf2 {[%emt 0:00:24]} Bd5 {[%emt 0:00:23]} 20. Qb2 {[%emt 0:00:55]} R4c7 {[%emt 0:00:56]} 21. a4 {[%emt 0:00:14]} f6 {[%emt 0:00:13]} 22. a5 {[%emt 0:00:06]} bxa5 23. Bxa5 {[%emt 0:00:01]} Rb7 {[%emt 0:01:06]} 24. Qa1 {[%emt 0:00:17]} Qe4 {[%emt 0:01:01]} 25. c4 {[%emt 0:00:30]} Rxc4 {[%emt 0:00:19]} 26. Rxc4 {[%emt 0:00:03]} Bxc4 {[%emt 0:00:01]} 27. Nd2 {[%emt 0:00:02]} Qd3 {[%emt 0:00:12]} 28. Nxc4 {[%emt 0:00:06]} Qxc4 {[%emt 0:00:01]} 29. Rc1 {[%emt 0:00:09]} Qd5 {[%emt 0:00:08]} 30. Qc3 {[%emt 0:00:26]} e5 {[%emt 0:00:33]} 31. dxe5 {[%emt 0:00:14]} fxe5 {[%emt 0:00:03]} 32. Qc8+ {[%emt 0:00:01]} Bf8 {[%emt 0:00:03]} 33. Qc4 {[%emt 0:00:13]} Rb2+ {[%emt 0:00:18]} 34. Kf1 {[%emt 0:00:01]} Qxc4+ {[%emt 0:00:32]} 35. Rxc4 {[%emt 0:00:00]} Rb5 {[%emt 0:00:01]} 36. Bc3 {[%emt 0:00:11]} exf4 {[%emt 0:00:09]} 37. exf4 {[%emt 0:00:04]} Rc5 {[%emt 0:00:06]} 38. Rxc5 {[%emt 0:00:06]} Bxc5 {[%emt 0:00:00]} 39. Ke2 {[%emt 0:00:16]} Kf7 {[%emt 0:00:02]} 40. Kf3 {[%emt 0:00:06]} Bb6 {[%emt 0:00:11]} 41. Ke4 {[%emt 0:00:10]} Ke6 {[%emt 0:00:42]} 42. g4 {[%emt 0:00:02]} a5 {[%emt 0:00:01]} 43. f5+ {[%emt 0:00:02]} gxf5+ {[%emt 0:00:01]} 44. gxf5+ {[%emt 0:00:01]} Kf7 {[%emt 0:00:00]} 45. Kd5 {[%emt 0:00:32]} a4 {[%emt 0:00:08]} 46. Kc4 {[%emt 0:00:17]} Bd8 {[%emt 0:00:41]} 47. Kb4 {[%emt 0:00:05]} Bf6 {[%emt 0:00:01]} 48. Bxf6 {[%emt 0:00:38]} Kxf6 {[%emt 0:00:01]} 49. Kxa4 {[%emt 0:00:01]} Kxf5 {[%emt 0:00:01]} 50. Kb4 {[%emt 0:00:04]} Kg4 {[%emt 0:00:16]} 51. Kc4 {[%emt 0:00:01]} Kh3 {[%emt 0:00:06]} 52. Kd4 {[%emt 0:00:02]} Kxh2 {[%emt 0:00:05]} 53. Ke3 {[%emt 0:00:12]} Kg3 {[%emt 0:00:01]} 54. Ke2 {[%emt 0:00:01]} Kg2 {[%emt 0:00:01]} 55. Ke3 {[%emt 0:00:01]} h5 {[%emt 0:00:00]} 0-1

[Event "EUSA-ch Open 2019"]
[Site "Budapest"]
[Date "2019.07.25"]
[Round "3.2"]
[White "Golubka, Petro"]
[Black "Galburd, Yan"]
[Result "1-0"]
[WhiteElo "2483"]
[BlackElo "2429"]
[Annotator "TA"]
[PlyCount "93"]
[EventDate "2019.07.23"]
[EventType "team-tourn"]
[EventCountry "HUN"]
[SourceTitle "playchess.com"]
[Source "ChessBase"]
[SourceQuality "1"]

{[%evp 17,93,0,27,-12,39,46,45,44,65,55,72,54,114,97,108,108,129,114,139,68,96,64,38,35,35,14,19,-7,40,38,54,54,28,-99,45,26,112,13,92,51,45,16,52,52,38,28,185,166,155,133,177,177,148,87,226,228,215,136,128,128,132,135,131,120,202,192,226,226,211,222,209,214,462,454,449,443,549,543]} 1. e4 c6 2. d4 d5 3. e5 Bf5 4. Nc3 e6 5. g4 Bg6 6. Nge2 c5 7. h4 h6 8. Be3 Nc6 9. dxc5 Nxe5 {[%cal Re5f3]} 10. Nd4 {B12: Caro-Kann: Advance Variation} (10. Nf4 Bh7 11. Bb5+ Nc6 12. Qe2 Nge7 13. O-O-O Qa5 14. Rd4 O-O-O 15. Ra4 Qc7 16. Rd1 g5 17. Bxc6 Nxc6 {½-½ (31) Pinkovetsky,S (2610)-Wunderlich,H (2562) ICCF email 2004}) 10... Nc6 ({Black should play} 10... Nf6 $11) 11. f4 $146 ({Predecessor:} 11. Bb5 Rc8 12. Qe2 Be7 13. O-O-O Nf6 14. f4 Ne4 15. f5 Nxc3 16. bxc3 exf5 17. gxf5 Bh7 18. Rhg1 Bf6 19. Rxg7 Qe7 20. Rgg1 a6 21. Bxc6+ bxc6 22. Rde1 {1-0 (22) Garayev,K (2252)-Sosulin,E (2389) Donskoj 2018}) 11... Nf6 12. f5 {White is slightly better.} exf5 13. gxf5 Bh5 $1 {[%cal Rh5d1]} 14. Be2 Qe7 (14... Qc7 $14) 15. Rh3 $16 Bxe2 16. Qxe2 O-O-O 17. O-O-O Qd7 18. Ncb5 (18. Nxc6 $16 bxc6 19. Bd4) 18... Ne4 19. Nxc6 (19. b4 {looks sharper.} Re8 20. Rf3 Nf6 21. a3 Re4 22. Qf1) 19... bxc6 20. Nd4 {Qa6+ is the strong threat.} Kb7 21. Nb3 Ka8 22. Bd4 Be7 23. Bxg7 Rhg8 24. Bxh6 Qxf5 25. Qa6 (25. Qf3 $11 Qd7 26. Be3) 25... Rc8 (25... Rg6 $17 26. Na5 Nxc5) 26. Rh2 Nxc5 (26... Bf6 $11 27. Re2 Bxh4) 27. Qf1 (27. Nxc5 $16 Bxc5 28. Bd2) 27... Qg6 (27... Qh5 $11 {keeps the balance.} 28. Be3 Ne4) 28. Be3 Ne4 29. h5 Qd6 30. Rh3 $40 {[%mdl 128] Black needs to defend precisely.} f5 31. h6 {Black must now prevent h7.} Rcf8 $2 (31... Bg5 $11 {and Black has nothing to worry.} 32. Bxg5 Nxg5) 32. h7 Rh8 33. Rh6 Rf6 {[#]} 34. Rxf6 $1 ({Don't take} 34. Qa6 $6 c5 $11) 34... Bxf6 {[#]} 35. Qxf5 (35. Qa6 $142 $1 {[%csl Ge3][%cal Ra6a7][%mdl 512]} Qc7 36. Rg1 Qxh7 37. Qxc6+ Qb7 38. Qe6) 35... Qe5 (35... Qg3 $16) 36. Qxe5 $18 Bxe5 37. Na5 Rxh7 38. Nxc6 Bf6 39. Nb4 Rb7 40. Nd3 ({Much weaker is} 40. Nxd5 $6 Bxb2+ 41. Kb1 Bh8+ 42. Kc1 Bb2+ 43. Kb1 Bh8+ 44. Kc1 Bb2+ $11) 40... d4 (40... Re7 $16 41. Nb4 Rb7) 41. Bf4 Rb5 42. Re1 Nc5 43. Re8+ Kb7 44. Rb8+ Kc6 $2 (44... Ka6 {was necessary.} 45. Nb4+ Ka5) 45. Nb4+ {White is clearly winning.} Rxb4 46. Rxb4 d3 47. Be3 {Accuracy: White = 45%, Black = 29%.} 1-0

[Event "EUSA-ch Open 2019"]
[Site "Budapest"]
[Date "2019.07.25"]
[Round "3.3"]
[White "Chigaev, Maksim"]
[Black "Deaconu, Mihai-Ionut"]
[Result "1-0"]
[WhiteElo "2640"]
[BlackElo "1957"]
[Annotator "TA"]
[PlyCount "45"]
[EventDate "2019.07.23"]
[EventType "team-tourn"]
[EventCountry "HUN"]
[SourceTitle "playchess.com"]
[Source "ChessBase"]
[SourceQuality "1"]

{[%evp 14,45,-17,-14,2,3,-1,0,27,15,34,21,27,34,56,28,18,-4,16,10,6,5,8,5,14,21,39,36,81,99,471,448,452,459]} 1. e4 e5 2. Nf3 Nc6 3. d4 exd4 4. Nxd4 Nf6 5. Nxc6 bxc6 6. e5 Qe7 7. Qe2 Nd5 8. h4 d6 {C45: Scotch Game} (8... Qe6 9. Nd2 d6 10. exd6 Bxd6 11. Nc4 Bc5 12. a3 O-O 13. Qxe6 Bxe6 14. Bd3 Rfe8 15. O-O a5 16. Ne5 {½-½ (38) Caruana,F (2828)-Robson,R (2667) Saint Louis 2019}) 9. c4 Nb6 10. exd6 Qxe2+ {The position is equal.} (10... cxd6 {looks sharper.} 11. Be3 Be6 12. Nd2 Qb7 13. Rc1 Be7) 11. Bxe2 cxd6 12. Bf3 Bd7 13. b3 Be7 {[#] Threatens to win with ...Bf6.} 14. Bb2 $146 ({Predecessor:} 14. Bg5 O-O 15. Bxe7 Rfe8 16. Nc3 Rxe7+ {1-0 (43) Doring,R (2190)-Smistik,M (2070) Vsetin 1997}) 14... O-O 15. Nd2 a5 16. g3 d5 17. cxd5 Nxd5 18. a3 Rab8 19. O-O f5 20. Rfe1 $36 {[%mdl 2048] Strongly threatening Bxd5+. White has the initiative.} Bc5 21. Rac1 Ba7 $2 {[%mdl 8192] [#]} (21... Bb6 $16) 22. Bxd5+ $1 $18 cxd5 23. Re7 {Accuracy: White = 87%, Black = 15%.} 1-0

[Event "EUSA-ch Open 2019"]
[Site "Budapest"]
[Date "2019.07.25"]
[Round "3.4"]
[White "Stamatopoulos, Apostolos"]
[Black "Predke, Alexandr"]
[Result "0-1"]
[WhiteElo "1782"]
[BlackElo "2632"]
[Annotator "TA"]
[PlyCount "60"]
[EventDate "2019.07.23"]
[EventType "team-tourn"]
[EventCountry "HUN"]
[SourceTitle "playchess.com"]
[Source "ChessBase"]
[SourceQuality "1"]

{[%evp 17,60,0,0,-17,-13,-32,-22,-24,-29,-39,-28,-42,-37,-45,-49,-52,-30,-113,-112,-112,-60,-136,-134,-139,-48,-38,0,0,0,-106,-92,-98,-95,-72,-81,-87,-93,-66,-77,-283,-279,-258,-248,-1265,-1264]} 1. d4 Nf6 2. Nf3 e6 3. e3 b6 4. Bd3 Bb7 5. O-O d5 6. b3 Bd6 7. Bb2 Nbd7 8. Nbd2 Ne4 9. Ne5 O-O 10. Bxe4 {D05: Colle System with ...e6} (10. f3 Nxd2 11. Qxd2 f6 12. Nxd7 Qxd7 13. c4 c5 14. f4 f5 15. Rfd1 Qe7 16. Qf2 Rac8 17. Rac1 Rfd8 18. Rc2 Rc7 19. cxd5 Bxd5 20. Rdc1 Rdc8 21. Ba6 Rd8 22. Bd3 Rdc8 23. Ba6 Rd8 24. Bd3 {½-½ (24) Rakhmanov,A (2659)-Timofeev,A (2549) Khanty-Mansiysk 2017}) 10... dxe4 11. f4 f6 12. Nxd7 {The position is equal.} Qxd7 13. c4 f5 $146 ({Predecessor:} 13... c5 14. Qe2 {1-0 (41) Vasquez Schroder,R (2546)-Veingold,A (2473) Calvia 2004}) 14. Rc1 Qe7 15. Rf2 Rad8 16. Qc2 {Hoping for c5.} c5 17. Nb1 (17. Nf1 $11 {remains equal.}) 17... cxd4 $17 18. Bxd4 {[#]} Bc5 ({Better is} 18... Bxf4 $1 $17 {[%mdl 512] Threatens to win with ...e5.} 19. Rxf4 (19. exf4 Rxd4) 19... e5 20. Bxe5 Qxe5) 19. Rd1 (19. Bxc5 $15 Qxc5 20. Re1) 19... Bxd4 20. exd4 {[#]} e3 (20... g5 $1 $17 {...e3 is the strong threat.} 21. Nc3 gxf4 22. Rxf4 e5 23. dxe5 Qxe5) 21. Re2 $15 Qh4 (21... e5 $5 {[%cal Re5d4]} 22. Rxe3 Be4 $15) 22. g3 Qf6 $36 {[%mdl 2048] Black is more active.} 23. Qd3 (23. Rxe3 $11 Rxd4 24. Nc3) 23... Bf3 $17 24. Nc3 Rfe8 25. Qxe3 Bxe2 26. Nxe2 {[#]} e5 $1 {[%mdl 512]} 27. fxe5 (27. dxe5 Rxd1+) 27... Rxe5 28. dxe5 $2 (28. Qd2 $17 {keeps fighting.}) 28... Rxd1+ $19 29. Kf2 Qc6 {aiming for ...Qh1.} 30. Qf3 $2 {[#]} (30. e6) 30... Rf1+ $1 {[%mdl 576] Skewer. Accuracy: White = 23%, Black = 53%.} 0-1

[Event "EUSA-ch Open 2019"]
[Site "Budapest"]
[Date "2019.07.25"]
[Round "3.5"]
[White "Harutyunian, Tigran K."]
[Black "Lewicki, Miroslaw"]
[Result "1-0"]
[WhiteElo "2539"]
[BlackElo "2351"]
[Annotator "ChessBase"]
[PlyCount "57"]
[EventDate "2019.07.23"]
[EventType "team-tourn"]
[EventCountry "HUN"]
[SourceTitle "playchess.com"]
[Source "ChessBase"]
[SourceQuality "1"]
[TimeControl "1500+10"]

1. Nf3 {[%emt 0:00:00]} Nf6 {[%emt 0:00:00]} 2. g3 {[%emt 0:00:00]} e6 {[%emt 0:00:00]} 3. Bg2 {[%emt 0:00:01]} b6 {[%emt 0:00:29]} 4. O-O {[%emt 0:00:24]} Bb7 {[%emt 0:00:02]} 5. c4 {[%emt 0:00:02]} Be7 {[%emt 0:00:04]} 6. Nc3 {[%emt 0:00:15]} O-O {[%emt 0:00:02]} 7. Re1 {[%emt 0:00:03]} d5 {[%emt 0:00:04]} 8. cxd5 {[%emt 0:00:03]} exd5 {[%emt 0:00:01]} 9. d4 {[%emt 0:00:03]} Nbd7 {[%emt 0:00:34]} 10. Bf4 {[%emt 0:00:07]} c5 {[%emt 0:00:06]} 11. Rc1 {[%emt 0:00:06]} Ne4 {[%emt 0:01:01]} 12. Qa4 {[%emt 0:02:16]} Ndf6 {[%emt 0:00:20]} 13. Red1 {[%emt 0:00:38]} Nxc3 {[%emt 0:01:08]} 14. Rxc3 {[%emt 0:00:03]} c4 {[%emt 0:01:29]} 15. Ne5 {[%emt 0:00:21]} a6 {[%emt 0:00:07]} 16. Nc6 {[%emt 0:01:23]} Qd7 {[%emt 0:00:21]} 17. Nxe7+ {[%emt 0:00:24]} Qxe7 {[%emt 0:00:03]} 18. Re3 {[%emt 0:00:15]} Qd8 {[%emt 0:00:02]} 19. Qb4 {[%emt 0:02:13]} b5 {[%emt 0:00:02]} 20. Re7 {[%emt 0:02:13]} a5 {[%emt 0:01:08]} 21. Qc5 {[%emt 0:00:36]} Ba6 {[%emt 0:03:02]} 22. Bc7 {[%emt 0:01:43]} Qc8 {[%emt 0:00:01]} 23. Bxd5 {[%emt 0:01:16]} Nxd5 {[%emt 0:00:11]} 24. Qxd5 {[%emt 0:00:01]} b4 {[%emt 0:00:38]} 25. Rc1 {[%emt 0:02:27]} c3 {[%emt 0:04:03]} 26. bxc3 {[%emt 0:00:11]} Bb7 {[%emt 0:00:03]} 27. Qb5 {[%emt 0:00:56]} Ra6 {[%emt 0:00:21]} 28. cxb4 {[%emt 0:00:38]} Ba8 {[%emt 0:00:29]} 29. d5 {[%emt 0:00:34]} 1-0